000 00240nam a2200097Ia 4500
001 645457
005 20250826153624.0
008 250824s9999 xx 000 0 und d
245 0 _aDalgalar Dedikoduyu Sever
_cSevim Ak
260 _bCAN YAYINLARI
999 _c645457
_d645457